UNIX network programming / (Record no. 27006)
[ view plain ]
| 000 -LEADER | |
|---|---|
| fixed length control field | 01403cam a22003735a 4500 |
| 001 - CONTROL NUMBER | |
| control field | ssj0000078475 |
| 003 - CONTROL NUMBER IDENTIFIER | |
| control field | WaSeSS |
| 005 - DATE AND TIME OF LATEST TRANSACTION | |
| control field | 20181115134544.0 |
| 008 - FIXED-LENGTH DATA ELEMENTS--GENERAL INFORMATION | |
| fixed length control field | 030508t2004 maua frb 000 2 eng d |
| 020 ## - INTERNATIONAL STANDARD BOOK NUMBER | |
| International Standard Book Number | 9780131411555 |
| 020 ## - INTERNATIONAL STANDARD BOOK NUMBER | |
| International Standard Book Number | 0131411551 |
| 040 ## - CATALOGING SOURCE | |
| Original cataloging agency | BIP US |
| Language of cataloging | eng |
| Modifying agency | WaSeSS |
| -- | EG-ScBUE |
| 082 04 - DEWEY DECIMAL CLASSIFICATION NUMBER | |
| Classification number | 005.71 |
| Item number | STE |
| Edition number | 22 |
| 100 1# - MAIN ENTRY--PERSONAL NAME | |
| Personal name | Stevens, Richard W. |
| 245 10 - TITLE STATEMENT | |
| Title | UNIX network programming / |
| Statement of responsibility, etc | W. Richard Stevens, Bill Fenner, Andrew M. Rudoff. |
| 250 ## - EDITION STATEMENT | |
| Edition statement | 3rd ed. |
| 260 ## - PUBLICATION, DISTRIBUTION, ETC. (IMPRINT) | |
| Place of publication, distribution, etc | Boston : |
| Name of publisher, distributor, etc | Pearson Education / Addison-Wesley, |
| Date of publication, distribution, etc | c.2004. |
| 300 ## - PHYSICAL DESCRIPTION | |
| Extent | v. 1. (xxiii, 991 p.) : |
| Other physical details | ill. ; |
| Dimensions | 24 cm. |
| 490 0# - Series Statement | |
| Series statement | Addison-Wesley professional computing series |
| 504 ## - BIBLIOGRAPHY, ETC. NOTE | |
| Bibliography, etc | Includes bibliographical references and index. |
| 505 2# - FORMATTED CONTENTS NOTE | |
| Formatted contents note | v. 1. The sockets networking API. |
| 520 ## - SUMMARY, ETC. | |
| Summary, etc | This revised guide to Unix networking APIs updates coverage of programming standards and debugging techniques, and covers operating systems including Red Hat 9, Solaris 9, HP-UX, Free BSD 4.8/5.0, AIX 5.x and Mac OS X. |
| 630 07 - SUBJECT ADDED ENTRY--UNIFORM TITLE | |
| Uniform title | UNIX (Computer file) |
| 9 (RLIN) | 37251 |
| 650 #7 - SUBJECT ADDED ENTRY--TOPICAL TERM | |
| Topical term or geographic name as entry element | Computer Networks. |
| Source of heading or term | BUEsh |
| 650 #7 - SUBJECT ADDED ENTRY--TOPICAL TERM | |
| Topical term or geographic name as entry element | Internet Programming. |
| Source of heading or term | BUEsh |
| 651 ## - SUBJECT ADDED ENTRY--GEOGRAPHIC NAME | |
| Source of heading or term | BUEsh |
| 653 ## - INDEX TERM--UNCONTROLLED | |
| Resource For college | Engineering, General |
| -- | Informatics and Computer Science |
| Arrived date list | November2018 |
| 655 ## - INDEX TERM--GENRE/FORM | |
| Form subdivision | Reading book |
| 700 1# - ADDED ENTRY--PERSONAL NAME | |
| Personal name | Fenner, Bill. |
| 700 1# - ADDED ENTRY--PERSONAL NAME | |
| Personal name | Rudoff, Andrew M. |
| 942 ## - ADDED ENTRY ELEMENTS (KOHA) | |
| Source of classification or shelving scheme | Dewey Decimal Classification |
| 949 ## - LOCAL PROCESSING INFORMATION (OCLC) | |
| h | sbenebook |
| Withdrawn status | Item status | Source of classification or shelving scheme | Damaged status | Not for loan | Vendor | Home library | Current library | Shelving location | Date acquired | Source of acquisition | Cost, normal purchase price | Total Checkouts | Full call number | Barcode | Date last seen | Koha item type | Date last borrowed | Total Renewals |
|---|---|---|---|---|---|---|---|---|---|---|---|---|---|---|---|---|---|---|
| Dewey Decimal Classification | Baccah | Central Library | Central Library | Lower Floor | 15/11/2018 | Purchase | 1200.00 | 005.71 STE | 000043968 | 15/07/2025 | NB - Book (Non borrowing) | |||||||
| Dewey Decimal Classification | Baccah | Central Library | Central Library | Lower Floor | 15/11/2018 | Purchase | 1200.00 | 1 | 005.71 STE | 000043969 | 24/08/2022 | Book - Borrowing | 04/01/2020 | |||||
| Dewey Decimal Classification | Baccah | Central Library | Central Library | Lower Floor | 15/11/2018 | Purchase | 1200.00 | 1 | 005.71 STE | 000043970 | 15/07/2025 | Book - Borrowing | 07/11/2019 | 1 |